<?xml version="1.0" encoding="UTF-8"?>
<collection xmlns="http://www.loc.gov/MARC21/slim">
  <record>
    <leader>00000nam  2200000   4500</leader>
    <controlfield tag="001">INLIS000000000005629</controlfield>
    <controlfield tag="005">20190813102835</controlfield>
    <datafield tag="035" ind1="#" ind2="#">
      <subfield code="a">0010-0819000059</subfield>
    </datafield>
    <controlfield tag="007">ta</controlfield>
    <controlfield tag="008">190813################g##########0#ind##</controlfield>
    <datafield tag="020" ind1="#" ind2="#">
      <subfield code="a">9798116399</subfield>
    </datafield>
    <datafield tag="082" ind1="#" ind2="#">
      <subfield code="a">297</subfield>
    </datafield>
    <datafield tag="084" ind1="#" ind2="#">
      <subfield code="a">297 Den i</subfield>
    </datafield>
    <datafield tag="100" ind1=" " ind2="#">
      <subfield code="a">Heijer, Johannes</subfield>
    </datafield>
    <datafield tag="245" ind1="1" ind2="#">
      <subfield code="a">Islam, Negara Dan Hukum /</subfield>
      <subfield code="c">Johannes den Heijer</subfield>
    </datafield>
    <datafield tag="260" ind1="#" ind2="#">
      <subfield code="a">Jakarta :</subfield>
      <subfield code="b">INIS,</subfield>
      <subfield code="c">1993</subfield>
    </datafield>
    <datafield tag="300" ind1="#" ind2="#">
      <subfield code="a">xiv, 140 hlm. ;</subfield>
      <subfield code="c">24 cm</subfield>
    </datafield>
    <datafield tag="500" ind1="#" ind2="#">
      <subfield code="a">Buku ini adalah makalah-makalah pilihan yang berasal dari bahan kuliah dan seminar yang diberikan oleh para spesialis Islam di kairo untuk INIS Felows (dosen-dosen IAIN se-Indonesia yang mengikuti program INIS) pada musim panas tahun 1990. Seperti diketahui, dalam rangka hubungan kerja sama Indonesia-Belanda dalam bidang studi Islam, INIS (Indonesian-Netherlands Cooperation in Islamic Studies) telah memberangkatkan sejumlah tiga belas dosen IAIN se-Indonesia pada angkatan pertama untuk mengikuti program studi nongelar di negeri Belanda tahun akademik 1989-1990. Paket program studi tersebut terdiri atas perkuliahan selama dua semester dan studi komparatif ke beberapa negara, yaitu Inggris dua bulan, khususnya untuk kursus intensif bahsa Inggris; Perancis untuk mengikuti Lokakarya Islam; dan Belgia dalam rangka studiedag di Universitas Leuven. Yang tidak kalah pentingnya  yaitu studi banding di Kairo selama tiga minggu (1 sd 23 Juni 1990).</subfield>
    </datafield>
    <datafield tag="650" ind1="#" ind2="#">
      <subfield code="a">Islam dan Negara</subfield>
    </datafield>
    <datafield tag="700" ind1=" " ind2="#">
      <subfield code="a">Anwar, Syamsul</subfield>
    </datafield>
    <datafield tag="856" ind1="#" ind2="#">
      <subfield code="a">Perpustakaan Lembaga Administrasi Negara</subfield>
    </datafield>
    <datafield tag="990" ind1="#" ind2="#">
      <subfield code="a">24411</subfield>
    </datafield>
  </record>
</collection>
